Everywhere at the end of time - Track titles - Statistics

General Stats
  • This quiz has been taken 31 times
  • The average score is 27 of 50
Answer Stats
Album Hint Answer % Correct
Stage 1 A1 It's just a burning memory
100%
Stage 3 E1 Back there Benjamin
79%
Stage 3 F7 Libet delay
79%
Stage 1 A5 Slightly bewildered
79%
Stage 1 A2 We don't have many days
79%
Stage 2 C1 A losing battle is raging
74%
Stage 1 A4 Childishly fresh eyes
74%
Stage 1 A3 Late afternoon drifting
74%
Stage 2 C2 Misplaced in time
74%
Stage 1 B2 An autumnal equinox
68%
Stage 3 E2 And heart breaks
68%
Stage 3 F2 Drifting time misplaced
68%
Stage 1 B6 My heart will stop in joy
68%
Stage 3 F6 An empty bliss beyond thisworld
63%
Stage 4 G1 Post Awareness Confusions
63%
Stage 4 H1 Post Awareness Confusions
63%
Stage 4 J1 Post Awareness Confusions
63%
Stage 1 B3 Quiet internal rebellions
63%
Stage 2 D5 The way ahead feels lonely
63%
Stage 2 C3 What does it matter howmy heart breaks
63%
Stage 3 E7 Bewildered in other eyes
58%
Stage 3 E3 Hidden sea buried deep
58%
Stage 3 E4 Libet's all joyful camaraderie
53%
Stage 3 E8 Long term dusk glimpses
53%
Stage 3 E6 Sublime beyond loss
53%
Stage 4 I1 Temporary Bliss State
53%
Stage 1 A6 Things that are beautifuland transient
53%
Stage 6 P1 A brutal bliss beyond this emptydefeat
47%
Stage 2 D4 Denial unravelling
47%
Stage 1 B5 Into each others eyes
47%
Stage 6 R1 Place in the World fades away
47%
Stage 2 C5 Surrendering to despair
47%
Stage 5 K1 Advanced plaque entanglements
42%
Stage 5 L1 Advanced plaque entanglements
42%
Stage 1 B1 All that follows is true
42%
Stage 6 Q1 Long decline is over
42%
Stage 5 M1 Synapse retrogenesis
42%
Stage 3 F5 Aching cavern without lucidity
37%
Stage 3 F4 Burning despair does ache
37%
Stage 3 F1 Gradations of arms length
37%
Stage 3 F3 Internal bewildered World
37%
Stage 2 D1 I still feel as though I am me
37%
Stage 2 D3 Last moments of pure recall
37%
Stage 5 N1 Sudden time regression intoisolation
37%
Stage 1 B4 The loves of my entire life
37%
Stage 6 O1 A confusion so thick you forgetforgetting
32%
Stage 2 C4 Glimpses of hope in tryingtimes
32%
Stage 3 F8 Mournful cameraderie
32%
Stage 2 D2 Quiet dusk coming early
32%
Stage 3 E5 To the minimal great hidden
32%
No matching quizzes found
Score Distribution
Percent of People with Each Score
Percentile by Number Answered
Your Score History
You have not taken this quiz